Language Quiz

Random Language or Spanish Quiz

Basic Spanish Questions (Dice Game) Quiz Stats

 Plays Quiz not verified by Sporcle

Score 0/30 Timer 05:00
0 Plays Today
Spanish Question/Response English Question/Response % Correct
Está bien.Good
88%
Me llamo...My name is...
76%
Buenos días.Good morning
76%
¿Cómo estás? (informal)How are you?
68%
¿Cómo está (Ud., formal)How are you?
68%
Buenas tardes.Good afternoon
64%
¿De dónde eres? (Informal)Where are you from?
64%
¿De dónde es? (Ud., formal)Where are you from?
64%
¿Qué hora es?What time is it?
64%
¿Cómo te llamas? (informal)What's your name?
52%
¿Cómo se llama? (formal)What's your name?
52%
Hasta pronto.See you soon
52%
Hasta luego.See you later
44%
Soy de España.I'm from Spain
40%
Más o menos.Okay
36%
Spanish Question/Response English Question/Response % Correct
Este es mi compañero de clase Juan.This is my classmate Juan
36%
¿Cuál es tu número de teléfono?What's your phone number?
32%
¿Cuál es la fecha de hoy?What's today's date?
32%
Este es mi compañera de clase Rosa.This is my classmate rosa
28%
Igualmente.Likewise
28%
Tengo que irme.I have to go
24%
Soy de Estados Unidos.I'm from the US
20%
Estoy mal.I'm bad
16%
Es mediodía.It's midday
16%
Encantado/a.Delighted
12%
Es de Cuba.Is from Cuba
12%
Estoy bien/regular/normal.I am good regular normal
8%
¿Qué tal?How's it going?
8%
Es mi profesor(a) de español.This is my spanish teacher (female
8%
¿Cual es tu correo electrónico?What's your email?
8%

You're not logged in!

Compare scores with friends on all Sporcle quizzes.
OR
Log In

Sporcle TV

Today on Sporcle TV


Watch our educational content, quiz creation guides, and fun videos on Sporcle TV.

Show Comments

Extras

Top Quizzes Today


Score Distribution

Your Account Isn't Verified!

In order to create a playlist on Sporcle, you need to verify the email address you used during registration. Go to your Sporcle Settings to finish the process.

Report this User

Report this user for behavior that violates our Community Guidelines.

Details: